Super Smash Bros. Secret Characters - Statistics

General Stats
  • This quiz has been taken 185 times
  • The average score is 20 of 24
Answer Stats
Series Character % Correct
Super Mario Luigi
95%
F-Zero Captain Falcon
93%
***** the Hedgehog Sonic
93%
Star Fox Wolf
92%
Star Fox Falco
91%
Earthbound Ness
90%
Pokémon Mewtwo
88%
Game and Watch Mr. Game and Watch
88%
The Legend of Zelda Toon Link
88%
*****Ware Wario
88%
The Legend of Zelda Young Link
88%
The Legend of Zelda Ganondorf
87%
Pokémon Lucario
87%
Pokémon Pichu
86%
Metal Gear Snake
86%
Pokémon Jigglypuff
85%
Kid Icarus Dark Pit
84%
Fire Emblem Roy
84%
Fire Emblem Marth
83%
Super Mario Dr. Mario
78%
Fire Emblem Lucina
78%
Super Mario Bowser Jr.
77%
*** R.O.B.
74%
**** **** Duck Hunt
53%
No matching quizzes found
Score Distribution
Percent of People with Each Score
Percentile by Number Answered
Your Score History
You have not taken this quiz